| 000 | 00783nam a2200217 a 4500 | ||
|---|---|---|---|
| 003 | 0 | ||
| 005 | 20250204100108.0 | ||
| 008 | 130829s19uu xx 00 eng d | ||
| 050 |
_aPGS HQ 784.V55 _b.Sa129 2013 |
||
| 100 | _aSagovac, Kevin V. | ||
| 245 |
_aWrestling and violent behavior / _cKevin V. Sagovac. |
||
| 260 |
_aLas PiƱas City, Philippines : _bSouthville International School and Colleges, _c2013. |
||
| 300 |
_a36 p. : _bill. ; _c28 cm. |
||
| 504 | _aIncludes bibliographical references. | ||
| 650 |
_aWrestling on television _vInfluence. |
||
| 650 |
_aViolence on television _vPsychological aspects. |
||
| 650 | _aViolence in children. | ||
| 650 |
_aChildren _vEffect of television on. |
||
| 650 |
_aTelevision violence _vPsychological aspects. |
||
| 942 |
_2lcc _cPASS |
||
| 999 |
_c99037 _d99037 |
||